Library of the University of Algiers 3
Ibrahim Sultan Cheibout
شعار جامعة الجزائر 3
مكتبة جامعة الجزائر 3
إبراهيم سلطان شيبوط

تحسين فاعلية الاداء المؤسسي من خلال تكنولوجيا المعلومات / (رقم التسجيلة. 43707)

تفاصيل مارك
000 -LEADER
fixed length control field 01743nam a2200229Ia 4500
003 - CONTROL NUMBER IDENTIFIER
control field Ost
005 - DATE AND TIME OF LATEST TRANSACTION
control field 20260507075252.0
008 - FIXED-LENGTH DATA ELEMENTS--GENERAL INFORMATION
fixed length control field 260507s9999||||xx |||||||||||||| ||und||
040 ## - CATALOGING SOURCE
Transcribing agency fsecg
041 ## - LANGUAGE CODE
Language code of text/sound track or separate title ara
082 ## - DEWEY DECIMAL CLASSIFICATION NUMBER
Classification number 330
100 ## - MAIN ENTRY--PERSONAL NAME
Personal name الكساسبة، وصفي عبد الكريم
Relator term مؤلف
245 #0 - TITLE STATEMENT
Title تحسين فاعلية الاداء المؤسسي من خلال تكنولوجيا المعلومات /
Statement of responsibility, etc. وصفي عبد الكريم الكساسبة
260 ## - PUBLICATION, DISTRIBUTION, ETC.
Place of publication, distribution, etc. عمان:
Name of publisher, distributor, etc. دار اليازوري,
Date of publication, distribution, etc. 2011
300 ## - PHYSICAL DESCRIPTION
Extent 336 صفحة؛
Other physical details إيضاحات ؛
Dimensions 24 سم
504 ## - BIBLIOGRAPHY, ETC. NOTE
Bibliography, etc. note مراجع ص.223 ؛جداول ص.337 ؛ اشكال ص.340
520 ## - SUMMARY, ETC.
Summary, etc. مفهوم تكنولوجيا المعلومات و العلاقة بينها وبين نظم المعلومات ، الاستثمار في تكنولوجيا المعلومات و العوامل التي أدت الى الاستثمار في IT استخدامات تكنولوجيا المعلومات و البنيت التحتية لها ، مداخل قياس الفاعلية في الاداء المؤسسي و التطرق الى كل من نموذج الاهداف ، الحصول على الموارد ، العمليات الداخلية ، أصحاب المصالح و نموذج القيم المتنافسة ، بطاقة التسجيل المتوازنة ، التعريف بمؤسسة المناطق الحرة و أنواعها و نشأة المناطق الحرة في الاردن ، أهدافها و الاعفاءات و التسهيلات التي توفرها .
653 ## - INDEX TERM--UNCONTROLLED
Uncontrolled term المؤسسات
653 ## - INDEX TERM--UNCONTROLLED
Uncontrolled term تكنولوجيا المعلومات
653 ## - INDEX TERM--UNCONTROLLED
Uncontrolled term نظم المعلومات- المؤسسة الممتدة
942 ## - ADDED ENTRY ELEMENTS (KOHA)
Koha item type كتب
المقتنيات
Withdrawn status Lost status Source of classification or shelving scheme Damaged status Not for loan Home library Current library Date acquired Serial enumeration / chronology Inventory number Total checkouts Full call number Barcode Date last seen Price effective from Koha item type
    Dewey Decimal Classification   NOT LOAN / إعارة داخلية مكتبة كلية العلوم الإقتصادية والعلوم التجارية وعلوم التسيير مكتبة كلية العلوم الإقتصادية والعلوم التجارية وعلوم التسيير 07/05/2026 الطابق الأرضي 18092   أ/3731ن1 18092 07/05/2026 07/05/2026 كتب
    Dewey Decimal Classification   Available مكتبة كلية العلوم الإقتصادية والعلوم التجارية وعلوم التسيير مكتبة كلية العلوم الإقتصادية والعلوم التجارية وعلوم التسيير 07/05/2026 الطابق الأرضي 18093   أ/3731ن2 18093 07/05/2026 07/05/2026 كتب
    Dewey Decimal Classification   Available مكتبة كلية العلوم الإقتصادية والعلوم التجارية وعلوم التسيير مكتبة كلية العلوم الإقتصادية والعلوم التجارية وعلوم التسيير 07/05/2026 الطابق الثاني 18094   أ/3731ن3 18094 07/05/2026 07/05/2026 كتب
    Dewey Decimal Classification   Available مكتبة كلية العلوم الإقتصادية والعلوم التجارية وعلوم التسيير مكتبة كلية العلوم الإقتصادية والعلوم التجارية وعلوم التسيير 07/05/2026 الطابق الثاني 18095   أ/3731ن4 18095 07/05/2026 07/05/2026 كتب
    Dewey Decimal Classification   Available مكتبة كلية العلوم الإقتصادية والعلوم التجارية وعلوم التسيير مكتبة كلية العلوم الإقتصادية والعلوم التجارية وعلوم التسيير 07/05/2026 مكتبة بن عكنون 18096   أ/3731ن5 18096 07/05/2026 07/05/2026 كتب

موارد الويب المفتوحة


© University of Algiers 3 All Rights Reserved
|
Implemented by LECHELAH Riad